| 000 | 00607nam a2200217 a 4500 | ||
|---|---|---|---|
| 005 | 20210219153215.0 | ||
| 008 | 991125n 000 0 eng u | ||
| 035 | _aUPN01000084189 | ||
| 100 | _aMcKellar, David | ||
| 222 | _aCHILDREN'S LITERATURE IN EDUCATION | ||
| 245 | _aThe king is alive! long live the king! an adventure in story-sharing | ||
| 300 | _a177-181 | ||
| 362 | _a1992 23, no. 4 | ||
| 653 | 0 | _aLITERATURA INFANTIL | |
| 653 | 0 | _aNARRACION | |
| 653 | 0 | _aPROYECTOS DEL ESTUDIANTE | |
| 653 | 0 | _aRELATO DEL CUENTO | |
| 700 | _aMayo, Anne | ||
| 904 |
_aAC _b022000 |
||
| 905 | _aArticulo | ||
| 999 |
_c71068 _d71068 |
||